Statistics for 4 Letter Words Found in 8 Letter Words #2

Click here to take the quiz!

General Stats

  • This quiz has been taken 32 times
  • The average score is 19 of 43

Answer Stats

Anagram% Correct
Seas
100%
Lean
93%
Lane
82%
Seal
82%
Loan
79%
Lone
79%
Sole
79%
Nose
75%
Sane
71%
Sale
68%
Alas
64%
Less
64%
Also
61%
Lass
61%
Loss
61%
Sons
61%
Ales
57%
Leas
57%
Sone
54%
Lens
50%
Lase
46%
Noel
43%
Ones
43%
Sans
39%
Sloe
36%
Aloe
32%
Eons
32%
Sals
29%
Ness
25%
Aeon
21%
Sols
21%
Sola
18%
Asea
14%
Alae
11%
Leno
11%
Noes
11%
Anas
7%
Anoa
4%
Ansa
4%
Olea
4%
Ossa
4%
Enol
0%
Naos
0%

Score Distribution

Percentile by Number Answered

Percent of People with Each Score

Your Score History

You have not taken this quiz